उमलते अंकुर. (Record no. 781270)

MARC details
000 -LEADER
fixed length control field 00607nam a2200181Ia 4500
008 - FIXED-LENGTH DATA ELEMENTS--GENERAL INFORMATION
fixed length control field 100921s9999 xx 000 0 und d
082 ## - DEWEY DECIMAL CLASSIFICATION NUMBER
Item number 32157
Classification number 891.461 0
100 ## - MAIN ENTRY--PERSONAL NAME
Personal name भट रविंद्र.संपा.
245 ## - TITLE STATEMENT
Title उमलते अंकुर.
260 ## - PUBLICATION, DISTRIBUTION, ETC. (IMPRINT)
Name of publisher, distributor, etc महाराष्ट्र साहित्य परिषद,पुणे.
Date of publication, distribution, etc 0
300 ## - PHYSICAL DESCRIPTION
Extent 96
Other physical details ---
365 ## - TRADE PRICE
Price amount 40
520 ## - SUMMARY, ETC.
Summary, etc ललित-काव्य.
630 ## - SUBJECT ADDED ENTRY--UNIFORM TITLE
Uniform title उमलते अंकुर.
650 ## - SUBJECT ADDED ENTRY--TOPICAL TERM
Topical term or geographic name as entry element ललित-काव्य.
730 ## - ADDED ENTRY--UNIFORM TITLE
Uniform title उमलते अंकुर.
942 ## - ADDED ENTRY ELEMENTS (KOHA)
Koha item type Book
Holdings
Withdrawn status Lost status Damaged status Not for loan Home library Current library Shelving location Date acquired Cost, normal purchase price Total Checkouts Barcode Date last seen Price effective from Koha item type Public note
        Lo. Tilak Granthasangrahalaya, Wai Lo. Tilak Granthasangrahalaya, Wai     40.00   WAITILAKGS-32157 09/21/2010 09/21/2010 Book देवघेव